International Yoga Guide (Record no. 23500)

MARC details
000 -LEADER
fixed length control field 00602nam a22001817a 4500
005 - DATE AND TIME OF LATEST TRANSACTION
control field 20090211145627.0
008 - FIXED-LENGTH DATA ELEMENTS--GENERAL INFORMATION
fixed length control field 090211t xxu||||| |||| 00| 0 eng d
022 ## - INTERNATIONAL STANDARD SERIAL NUMBER
International Standard Serial Number 0277-092X
245 ## - TITLE STATEMENT
Title International Yoga Guide
260 ## - PUBLICATION, DISTRIBUTION, ETC. (IMPRINT)
Place of publication, distribution, etc Florida
Name of publisher, distributor, etc Yoga Research Foundation
Date of publication, distribution, etc 2008-
260 ## - PUBLICATION, DISTRIBUTION, ETC. (IMPRINT)
Place of publication, distribution, etc Ghaziabad
Name of publisher, distributor, etc International Yoga Mishra
Date of publication, distribution, etc 2008-
300 ## - PHYSICAL DESCRIPTION
Extent v.
Dimensions 28 cm
310 ## - CURRENT PUBLICATION FREQUENCY
Current publication frequency monthly
270 ## - ADDRESS
Address Lal Bagh Loni
City Ghaziabad
Telephone number 0120-23600237
Electronic mail address iys@vsnl.com
365 ## - TRADE PRICE
Price amount Rs. 200.00 per annum
942 ## - ADDED ENTRY ELEMENTS (KOHA)
Source of classification or shelving scheme Dewey Decimal Classification
Item type Periodicals
Serial record 1
Holdings
Withdrawn status Lost status Source of classification or shelving scheme Damaged status Not for loan Collection code Home library Current library Date acquired Total Checkouts Date last seen Price effective from Koha item type
    Dewey Decimal Classification   Not For Loan Non-fiction D.B.Act.Division D.B.Act.Division 11/02/2009   11/02/2009 11/02/2009 Periodicals

© Delhi Public Library
Hit Counter
free hit counter